|
|
|
|
| LEADER |
01205nam a2200241 a 4500 |
| 001 |
31749 |
| 003 |
BD-DhAAL |
| 005 |
20230126150509.0 |
| 008 |
170708s2015 ii ||||| |||| 00| 1 ben d |
| 020 |
|
|
|a 8172155026
|
| 040 |
|
|
|a BD-DhAAL
|c BD-DhAAL
|
| 082 |
|
|
|2 23
|a 891.44
|
| 100 |
|
|
|a গঙ্গোপাধ্যায়, নারায়ণ
|9 21753
|
| 245 |
|
|
|a টেনিদা সমগ্র /
|c নারায়ণ গঙ্গোপাধ্যায়
|
| 260 |
|
|
|a কলকাতা :
|b আনন্দ পাবলিশার্স,
|c ১৯৯৬ (বিংশ মুদ্রণ ২০১৫)
|
| 300 |
|
|
|a ৫০৪ পৃষ্ঠা :
|c ২২ সে.মি.
|
| 526 |
|
|
|a AAL
|
| 541 |
|
|
|e 31749, 31750
|
| 650 |
|
|
|a Bengali fiction
|9 21754
|
| 942 |
|
|
|2 ddc
|c BK
|
| 999 |
|
|
|c 38159
|d 38159
|
| 952 |
|
|
|0 0
|1 0
|2 ddc
|4 0
|6 891_440000000000000_GAN
|7 0
|9 60779
|a BRACUL
|b BRACUL
|c FIC
|d 2017-05-22
|e 24
|g 550.00
|l 32
|m 180
|o 891.44 GAN
|p 3010031749
|q 2026-05-19
|r 2026-04-12
|s 2026-04-12
|t 1
|v 550.00
|w 2017-05-22
|y BK
|
| 952 |
|
|
|0 0
|1 2
|2 ddc
|4 0
|6 891_440000000000000_GAN
|7 0
|9 60780
|a BRACUL
|b BRACUL
|c FIC
|d 2017-05-22
|e 24
|g 550.00
|l 1
|m 17
|o 891.44 GAN
|p 3010031750
|q 2022-02-28
|r 2017-07-25
|s 2017-07-25
|t 2
|v 550.00
|w 2017-05-22
|y BK
|